Bangladesh : (Record no. 499)
[ view plain ]
| 000 -LEADER | |
|---|---|
| fixed length control field | 01332cam a2200349 a 4500 |
| 001 - CONTROL NUMBER | |
| control field | 499 |
| 003 - CONTROL NUMBER IDENTIFIER | |
| control field | BD-DhEWU |
| 005 - DATE AND TIME OF LATEST TRANSACTION | |
| control field | 20160229020002.0 |
| 008 - FIXED-LENGTH DATA ELEMENTS--GENERAL INFORMATION | |
| fixed length control field | 930611s1992 pk g b 001 0 eng d |
| 020 ## - INTERNATIONAL STANDARD BOOK NUMBER | |
| International Standard Book Number | 9840511971 |
| International Standard Book Number | 0195774205 : |
| 025 ## - OVERSEAS ACQUISITION NUMBER | |
| Overseas acquisition number | P-E-026192 13/1-75 |
| 035 ## - SYSTEM CONTROL NUMBER | |
| System control number | (OCoLC)28547575 |
| 040 ## - CATALOGING SOURCE | |
| Original cataloging agency | DLC |
| Transcribing agency | DLC |
| Modifying agency | DLC |
| -- | BD-DhEWU |
| Language of cataloging | eng |
| 041 ## - LANGUAGE CODE | |
| Language code of text/sound track or separate title | eng |
| 050 00 - LIBRARY OF CONGRESS CALL NUMBER | |
| Classification number | DS395.5 |
| Item number | .Z57 1992 |
| 082 04 - DEWEY DECIMAL CLASSIFICATION NUMBER | |
| Classification number | 954.920 |
| Item number | ZIB 1992 |
| 100 1# - MAIN ENTRY--PERSONAL NAME | |
| Personal name | Ziring, Lawrence, |
| 9 (RLIN) | 12472 |
| 245 10 - TITLE STATEMENT | |
| Title | Bangladesh : |
| Remainder of title | from Mujib to Ershad : an interpretive study / |
| Statement of responsibility, etc | Lawrence Ziring. |
| 250 ## - EDITION STATEMENT | |
| Edition statement | 1st ed. |
| 260 ## - PUBLICATION, DISTRIBUTION, ETC. (IMPRINT) | |
| Place of publication, distribution, etc | Karachi ; |
| -- | New York : |
| Name of publisher, distributor, etc | Oxford University Press, |
| Date of publication, distribution, etc | 1992. |
| 300 ## - PHYSICAL DESCRIPTION | |
| Extent | x, 228 p. ; |
| Dimensions | 23 cm. |
| 500 ## - GENERAL NOTE | |
| General note | Online version:<br/>Ziring, Lawrence, 1928-<br/>Bangladesh.<br/>Karachi ; New York : Oxford University Press, 1992<br/>(OCoLC)624328852 |
| 504 ## - BIBLIOGRAPHY, ETC. NOTE | |
| Bibliography, etc | Includes bibliographical references and index. |
| 526 ## - STUDY PROGRAM INFORMATION NOTE | |
| Program name | Sociology |
| 590 ## - LOCAL NOTE (RLIN) | |
| Local note | Tahur Ahmed |
| 651 #0 - SUBJECT ADDED ENTRY--GEOGRAPHIC NAME | |
| Geographic name | Bangladesh |
| General subdivision | Politics and government |
| Chronological subdivision | 1971- |
| 9 (RLIN) | 2724 |
| 856 42 - ELECTRONIC LOCATION AND ACCESS | |
| Materials specified | Publisher description |
| Uniform Resource Identifier | http://www.loc.gov/catdir/enhancements/fy0635/92931603-d.html |
| Materials specified | WorldCat details |
| Uniform Resource Identifier | http://www.worldcat.org/title/bangladesh-from-mujib-to-ershad-an-interpretive-study/oclc/28547575&referer=brief_results |
| 942 ## - ADDED ENTRY ELEMENTS (KOHA) | |
| Source of classification or shelving scheme | Dewey Decimal Classification |
| Koha item type | Text |
| Koha issues (borrowed), all copies | 6 |
| Withdrawn status | Lost status | Source of classification or shelving scheme | Damaged status | Not for loan | Collection code | Home library | Current library | Shelving location | Date acquired | Source of acquisition | Cost, normal purchase price | Total Checkouts | Full call number | Barcode | Date last seen | Date checked out | Copy number | Koha item type | Public note |
|---|---|---|---|---|---|---|---|---|---|---|---|---|---|---|---|---|---|---|---|
| Dewey Decimal Classification | Non-fiction | Dr. S. R. Lasker Library, EWU | Dr. S. R. Lasker Library, EWU | Circulation Section | 05/02/2006 | Karim International | 187.00 | 1 | 954.920 ZIB 1992 | 16886 | 23/03/2013 | 15/03/2013 | C-9 | Text | |||||
| Dewey Decimal Classification | Non-fiction | Dr. S. R. Lasker Library, EWU | Dr. S. R. Lasker Library, EWU | Circulation Section | 05/02/2006 | Karim International | 187.00 | 1 | 954.920 ZIB 1992 | 16887 | 25/02/2016 | 18/02/2016 | C-10 | Text | |||||
| Dewey Decimal Classification | Not For Loan | Non-fiction | Dr. S. R. Lasker Library, EWU | Dr. S. R. Lasker Library, EWU | Reserve Section | 21/09/1999 | Other | 176.00 | 954.920 ZIB 1992 | 7227 | C-2 | Text | |||||||
| Dewey Decimal Classification | Non-fiction | Dr. S. R. Lasker Library, EWU | Dr. S. R. Lasker Library, EWU | Circulation Section | 09/05/2000 | Karim International | 0.00 | 954.920 ZIB 1992 | 7710 | C-4 | Text | ||||||||
| Dewey Decimal Classification | Non-fiction | Dr. S. R. Lasker Library, EWU | Dr. S. R. Lasker Library, EWU | Circulation Section | 09/05/2000 | Other | 175.00 | 1 | 954.920 ZIB 1992 | 7712 | 21/03/2015 | 09/03/2015 | C-6 | Text | |||||
| Dewey Decimal Classification | Non-fiction | Dr. S. R. Lasker Library, EWU | Dr. S. R. Lasker Library, EWU | Circulation Section | 09/05/2000 | Other | 175.00 | 2 | 954.920 ZIB 1992 | 7713 | 17/04/2016 | 03/02/2016 | C-7 | Text | |||||
| Dewey Decimal Classification | Not For Loan | Non-fiction | Dr. S. R. Lasker Library, EWU | Dr. S. R. Lasker Library, EWU | Reserve Section | 21/09/1999 | Other | 176.00 | 954.920 ZIB 1992 | 7224 | C-1 | Text | |||||||
| Dewey Decimal Classification | Not For Loan | Non-fiction | Dr. S. R. Lasker Library, EWU | Dr. S. R. Lasker Library, EWU | Reserve Section | 09/05/2000 | Other | 220.00 | 954.920 ZIB 1992 | 7709 | C-3 | Text | |||||||
| Dewey Decimal Classification | Non-fiction | Dr. S. R. Lasker Library, EWU | Dr. S. R. Lasker Library, EWU | Circulation Section | 09/05/2000 | Other | 220.00 | 2 | 954.920 ZIB 1992 | 7711 | 06/03/2016 | 28/02/2016 | C-5 | Text | Lost and Replaced by student | ||||
| Dewey Decimal Classification | Non-fiction | Dr. S. R. Lasker Library, EWU | Dr. S. R. Lasker Library, EWU | Circulation Section | 09/05/2000 | Other | 175.00 | 1 | 954.920 ZIB 1992 | 7714 | 07/02/2013 | 04/02/2013 | C-8 | Text |